| 000 -LEADER |
| fixed length control field |
01369 a2200289 4500 |
| 003 - CONTROL NUMBER IDENTIFIER |
| control field |
Nust |
| 005 - DATE AND TIME OF LATEST TRANSACTION |
| control field |
20170207154043.0 |
| 010 ## - LIBRARY OF CONGRESS CONTROL NUMBER |
| LC control number |
2010275345 |
| 020 ## - INTERNATIONAL STANDARD BOOK NUMBER |
| International Standard Book Number |
047082249X |
| 020 ## - INTERNATIONAL STANDARD BOOK NUMBER |
| International Standard Book Number |
9780470822494 |
| 035 ## - SYSTEM CONTROL NUMBER |
| System control number |
(OCoLC)ocn305157274 |
| 040 ## - CATALOGING SOURCE |
| Transcribing agency |
Nust |
| 082 04 - DEWEY DECIMAL CLASSIFICATION NUMBER |
| Classification number |
332.0951 |
| 245 00 - TITLE STATEMENT |
| Title |
China's emerging financial markets (E-BOOK) |
| Remainder of title |
challenges and global impact / |
| Statement of responsibility, etc. |
editors-in-chief, Zhu Min, Cai Jinqing, Martha Avery. |
| 260 ## - PUBLICATION, DISTRIBUTION, ETC. |
| Place of publication, distribution, etc. |
Singapore ; |
| -- |
Hoboken, NJ : |
| Name of publisher, distributor, etc. |
John Wiley & Sons, |
| Date of publication, distribution, etc. |
2009. |
| 300 ## - PHYSICAL DESCRIPTION |
| Extent |
lxxiii, 593 p. : |
| Other physical details |
ill. ; |
| Dimensions |
24 cm. |
| 520 1# - SUMMARY, ETC. |
| Summary, etc. |
"China's Emerging Financial Markets is necessary reading for those who seek to understand the strategic direction of this key industry, as well as those who wonder what role China will play in the current global economic crisis."--BOOK JACKET. |
| 650 #0 - SUBJECT ADDED ENTRY--TOPICAL TERM |
| Topical term or geographic name entry element |
Banks and banking |
| Geographic subdivision |
China. |
| 650 #0 - SUBJECT ADDED ENTRY--TOPICAL TERM |
| Topical term or geographic name entry element |
Finance |
| Geographic subdivision |
China. |
| 651 #0 - SUBJECT ADDED ENTRY--GEOGRAPHIC NAME |
| Geographic name |
China's emerging financial markets (E-BOOK) |
| General subdivision |
Economic policy. |
| 700 1# - ADDED ENTRY--PERSONAL NAME |
| Personal name |
Avery, Martha, |
| Dates associated with a name |
1951- |
| 700 1# - ADDED ENTRY--PERSONAL NAME |
| Personal name |
Cai, Jinqing. |
| 700 1# - ADDED ENTRY--PERSONAL NAME |
| Personal name |
Zhu, Min, |
| Dates associated with a name |
1952- |
| 856 42 - ELECTRONIC LOCATION AND ACCESS |
| Materials specified |
Contributor biographical information |
| Uniform Resource Identifier |
<a href="http://www.loc.gov/catdir/enhancements/fy1012/2010275345-b.html">http://www.loc.gov/catdir/enhancements/fy1012/2010275345-b.html</a> |
| 856 42 - ELECTRONIC LOCATION AND ACCESS |
| Materials specified |
Publisher description |
| Uniform Resource Identifier |
<a href="http://www.loc.gov/catdir/enhancements/fy1012/2010275345-d.html">http://www.loc.gov/catdir/enhancements/fy1012/2010275345-d.html</a> |
| 856 42 - ELECTRONIC LOCATION AND ACCESS |
| Materials specified |
Table of contents only |
| Uniform Resource Identifier |
<a href="http://www.loc.gov/catdir/enhancements/fy1012/2010275345-t.html">http://www.loc.gov/catdir/enhancements/fy1012/2010275345-t.html</a> |
| 942 ## - ADDED ENTRY ELEMENTS (KOHA) |
| Source of classification or shelving scheme |
|
| Koha item type |
Book |